00722cam a2200265 a 45000010008000000030004000080050017000120080041000290100017000700200015000870400018001020420009001200430012001290500021001411000021001622450030001832600035002133000021002485210007002695260008002766500042002846500033003266500039003596510058003983015121OSt20140310184325.0940607s1994 nyu j 000 1 eng  a 94026057  a0439140617 aDLCcDLCdDLC alcac an-us-ma00aPZ 7b.D716 19991 aDorris, Michael.10aGuests /cMichael Dorris. aNew York :bScholastic,c1999. a119 p. :c22 cm. aG6 c85000aAlgonquian IndiansvJuvenile fiction.01aAlgonquian IndiansvFiction.01aIndians of North AmericavFiction. 1aAmericaxDiscovery and explorationxBritishvFiction.